Click to Translate - Hausa - Statistics

General Stats
  • This quiz has been taken 210 times
  • The average score is 5 of 20
Answer Stats
Hint Answer % Correct
Good morning Barka da safiya
64%
Me Ni
50%
Goodbye Sai an jima
42%
Tea Shayi
30%
Teacher Malami
24%
Dog Kare
22%
Hello Sannu
22%
Spoon Cokali
21%
Where Ina
21%
Eat Ku ci
19%
Monday Litinin
19%
Seven Bakwai
17%
Clock Agogo
16%
From Daga
16%
House Gida
16%
Family Iyali
15%
Before Kafin
15%
Week Mako
15%
White Fari
12%
Uncle Kawu
12%
No matching quizzes found
Score Distribution
Percent of People with Each Score
Percentile by Number Answered
Your Score History
You have not taken this quiz